[Event "HUN-chT2 Erkel 0607"]
[Site "Hungary"]
[Date "2007.03.04"]
[Round "6"]
[White "Tajti, Janos Sandor"]
[Black "Seres, Bela"]
[Result "1/2-1/2"]
[WhiteElo "2153"]
[BlackElo "2291"]
[PlyCount "53"]
[EventDate "2006.11.12"]
[EventType "team"]
[EventRounds "11"]
[EventCountry "HUN"]
[SourceTitle "EXT 2008"]
[Source "ChessBase"]
[SourceDate "2007.11.25"]
[SourceVersion "1"]
[SourceVersionDate "2007.11.25"]
[SourceQuality "1"]
[WhiteTeam "Szekuritas"]
[BlackTeam "Hobagoly"]
[WhiteTeamCountry "HUN"]
[BlackTeamCountry "HUN"]

1. d4 Nf6 2. Bg5 e6 3. e4 Be7 4. e5 Nd5 5. Bxe7 Qxe7 6. Nf3 b5 7. Qd2 a6 8. Nc3 Bb7 9. Be2 d6 10. a4 bxa4 11. Nxd5 Bxd5 12. Rxa4 dxe5 13. dxe5 Nd7 14. 0-0 Rb8 15. Qd4 Rb6 16. Rfa1 Nb8 17. Qc3 0-0 18. b3 f6 19. Bxa6 fxe5 20. Qxe5 Bxf3 21. gxf3 Rxf3 22. Be2 Rf5 23. Qe3 Nd7 24. Ra8+ Kf7 25. R8a5 Qf6 26. Rxf5 Qxf5 27. Qf3 1/2-1/2

[Event "HUN-chT2 Erkel 0506"]
[Site "Hungary"]
[Date "2006.03.19"]
[Round "9"]
[White "Ujj, Daniel"]
[Black "Tajti, Janos Sandor"]
[Result "1/2-1/2"]
[WhiteElo "2163"]
[BlackElo "2153"]
[PlyCount "71"]
[EventDate "2005.10.16"]
[EventType "team"]
[EventRounds "11"]
[EventCountry "HUN"]
[SourceTitle "EXT 2009"]
[Source "ChessBase"]
[SourceDate "2008.11.26"]
[SourceVersion "1"]
[SourceVersionDate "2008.11.26"]
[SourceQuality "1"]
[WhiteTeam "Vasarteri"]
[BlackTeam "Szekuritas"]
[WhiteTeamCountry "HUN"]
[BlackTeamCountry "HUN"]

1. e4 g6 2. d4 Bg7 3. Nc3 c6 4. Bc4 d6 5. Qf3 e6 6. Nge2 Nd7 7. Bf4 Qc7 8. 0-0 e5 9. Be3 Ngf6 10. Qg3 Nh5 11. Qh4 Bf6 12. Bg5 Qd8 13. f4 exd4 14. Bxf6 Qxf6 15. Qxf6 Nhxf6 16. Nxd4 Nb6 17. Bb3 0-0 18. a4 a5 19. h3 Bd7 20. Rad1 Rae8 21. Rfe1 d5 22. exd5 Nfxd5 23. Nxd5 Nxd5 24. Bxd5 cxd5 25. b3 Rxe1+ 26. Rxe1 Re8 27. Rxe8+ Bxe8 28. Kf2 Kf8 29. Ke3 Ke7 30. Nf3 f6 31. Kd4 Kd6 32. Nd2 b5 33. axb5 Bxb5 34. g3 a4 35. bxa4 Bxa4 36. c3 1/2-1/2

[Event "HUN-chT2 Erkel 0506"]
[Site "Hungary"]
[Date "2006.02.26"]
[Round "8"]
[White "Hargittay, Szabolcs"]
[Black "Tajti, Janos Sandor"]
[Result "1-0"]
[WhiteElo "2207"]
[BlackElo "2153"]
[PlyCount "67"]
[EventDate "2005.10.16"]
[EventType "team"]
[EventRounds "11"]
[EventCountry "HUN"]
[SourceTitle "EXT 2009"]
[Source "ChessBase"]
[SourceDate "2008.11.26"]
[SourceVersion "1"]
[SourceVersionDate "2008.11.26"]
[SourceQuality "1"]
[WhiteTeam "Stat PSC II"]
[BlackTeam "Szekuritas"]
[WhiteTeamCountry "HUN"]
[BlackTeamCountry "HUN"]

1. e4 g6 2. d4 Bg7 3. Nc3 c6 4. Nf3 d5 5. h3 Nh6 6. Bd3 0-0 7. 0-0 f6 8. Bf4 Nf7 9. e5 fxe5 10. dxe5 c5 11. Re1 e6 12. Qd2 Nc6 13. h4 a6 14. h5 gxh5 15. Ng5 Nxg5 16. Bxg5 Qe8 17. Bf6 Bxf6 18. exf6 Qf7 19. Qh6 Bd7 20. Re3 Kh8 21. Rh3 c4 22. Be2 Qxf6 23. Qxh5 Qf5 24. Qh4 Ne5 25. Re1 Rf7 26. Bh5 Rg7 27. f4 Ng6 28. Bxg6 Qxg6 29. Qf2 Rf8 30. Rf3 Bc6 31. Re5 Rf5 32. Ne2 Rxe5 33. fxe5 Kg8 34. Rf8# 1-0

[Event "HUN-chT2 Erkel 0506"]
[Site "Hungary"]
[Date "2006.02.12"]
[Round "7"]
[White "Tajti, Janos Sandor"]
[Black "Mester, Attila"]
[Result "0-1"]
[WhiteElo "2153"]
[BlackElo "2089"]
[PlyCount "78"]
[EventDate "2005.10.16"]
[EventType "team"]
[EventRounds "11"]
[EventCountry "HUN"]
[SourceTitle "EXT 2009"]
[Source "ChessBase"]
[SourceDate "2008.11.26"]
[SourceVersion "1"]
[SourceVersionDate "2008.11.26"]
[SourceQuality "1"]
[WhiteTeam "Szekuritas"]
[BlackTeam "Penzugyor II"]
[WhiteTeamCountry "HUN"]
[BlackTeamCountry "HUN"]

1. e4 c5 2. Nf3 Nc6 3. d4 cxd4 4. Nxd4 Nf6 5. Nc3 d6 6. f3 e5 7. Nb3 Be6 8. Be3 Be7 9. Qd2 a5 10. Bb5 0-0 11. 0-0 Qc7 12. Nd5 Bxd5 13. exd5 Nb4 14. c4 b6 15. a3 Na6 16. Qf2 Nc5 17. Nxc5 bxc5 18. Bd2 Rab8 19. a4 Nh5 20. Rfc1 Nf4 21. Rc3 g5 22. Qe1 Kh8 23. Rb3 Bd8 24. Raa3 Rg8 25. Qd1 Rg6 26. Bc6 Rb4 27. Rxb4 cxb4 28. Rb3 Qa7+ 29. Be3 Bb6 30. Bxb6 Qxb6+ 31. Kh1 Qf2 32. Qg1 Qc2 33. Re3 Qxb2 34. Re1 Qc2 35. Rc1 Qf5 36. Qb6 g4 37. Qd8+ Rg8 38. Qxd6 gxf3 39. g3 f2 0-1